Профессору В. З. Ямпольскому - 75 лет; Известия Томского политехнического университета [Известия ТПУ]; Т. 323, № 5 : Управление, вычислительная техника и информатика
| Parent link: | Известия Томского политехнического университета [Известия ТПУ]/ Томский политехнический университет (ТПУ).— , 2000- Т. 323, № 5 : Управление, вычислительная техника и информатика.— 2013.— [С. 182-183] |
|---|---|
| Summary: | Заглавие с титульного листа Электронная версия печатной публикации |
| Language: | Russian |
| Published: |
2013
|
| Series: | Наши юбиляры |
| Subjects: | |
| Online Access: | http://earchive.tpu.ru/bitstream/11683/5083/1/bulletin_tpu-2013-323-5-30.pdf |
| Format: | Electronic Book Chapter |
| KOHA link: | https://koha.lib.tpu.ru/cgi-bin/koha/opac-detail.pl?biblionumber=248124 |
MARC
| LEADER | 00000nla2a2200000 4500 | ||
|---|---|---|---|
| 001 | 248124 | ||
| 005 | 20231031212342.0 | ||
| 035 | |a (RuTPU)RU\TPU\book\269800 | ||
| 090 | |a 248124 | ||
| 100 | |a 20140117d2013 k y0rusy50 ca | ||
| 101 | 0 | |a rus | |
| 102 | |a RU | ||
| 135 | |a drnn ---uucaa | ||
| 181 | 0 | |a i | |
| 182 | 0 | |a b | |
| 200 | 1 | |a Профессору В. З. Ямпольскому - 75 лет |b Электронный ресурс | |
| 203 | |a Текст |c электронный | ||
| 215 | |a 1 файл (75 Кб) | ||
| 225 | 1 | |a Наши юбиляры | |
| 230 | |a Электронные текстовые данные (1 файл : 75 Кб) | ||
| 300 | |a Заглавие с титульного листа | ||
| 300 | |a Электронная версия печатной публикации | ||
| 337 | |a Adobe Reader | ||
| 461 | 1 | |0 (RuTPU)RU\TPU\book\176237 |t Известия Томского политехнического университета [Известия ТПУ] |f Томский политехнический университет (ТПУ) |d 2000- | |
| 463 | 1 | |0 (RuTPU)RU\TPU\book\269043 |x 1684-8519 |t Т. 323, № 5 : Управление, вычислительная техника и информатика |v [С. 182-183] |d 2013 |p 184 с. | |
| 600 | 1 | |a Ямпольский |b В. З. |c директор института "Кибернетический центр" Томского политехнического университета |f 1938- |g Владимир Захарович |y Томск |x TPU |2 stltpush |3 (RuTPU)RU\TPU\pers\12100 | |
| 610 | 1 | |a электронный ресурс | |
| 610 | 1 | |a юбилеи | |
| 610 | 1 | |a персоналии | |
| 610 | 1 | |a ученые | |
| 610 | 1 | |a научно-педагогическая деятельность | |
| 801 | 2 | |a RU |b 63413507 |c 20190520 |g PSBO | |
| 856 | 4 | |u http://earchive.tpu.ru/bitstream/11683/5083/1/bulletin_tpu-2013-323-5-30.pdf | |
| 942 | |c CF | ||